<?xml version="1.0" encoding="UTF-8"?><?xml-stylesheet type="text/xsl" href="static/style.xsl"?><OAI-PMH xmlns="http://www.openarchives.org/OAI/2.0/" xmlns:xsi="http://www.w3.org/2001/XMLSchema-instance" xsi:schemaLocation="http://www.openarchives.org/OAI/2.0/ http://www.openarchives.org/OAI/2.0/OAI-PMH.xsd"><responseDate>2026-04-17T11:51:44Z</responseDate><request verb="GetRecord" identifier="oai:www.recercat.cat:2072/258069" metadataPrefix="marc">https://recercat.cat/oai/request</request><GetRecord><record><header><identifier>oai:recercat.cat:2072/258069</identifier><datestamp>2025-03-18T15:32:54Z</datestamp><setSpec>com_2072_220028</setSpec><setSpec>com_2072_4427</setSpec><setSpec>col_2072_479371</setSpec></header><metadata><record xmlns="http://www.loc.gov/MARC21/slim" xmlns:dcterms="http://purl.org/dc/terms/" xmlns:xsi="http://www.w3.org/2001/XMLSchema-instance" xmlns:doc="http://www.lyncode.com/xoai" xsi:schemaLocation="http://www.loc.gov/MARC21/slim http://www.loc.gov/standards/marcxml/schema/MARC21slim.xsd">
   <leader>00925njm 22002777a 4500</leader>
   <datafield ind2=" " ind1=" " tag="042">
      <subfield code="a">dc</subfield>
   </datafield>
   <datafield ind2=" " ind1=" " tag="720">
      <subfield code="a">Diloli i Fons, Jordi</subfield>
      <subfield code="e">author</subfield>
   </datafield>
   <datafield ind2=" " ind1=" " tag="720">
      <subfield code="a">Ferré Anguix, Ramon</subfield>
      <subfield code="e">author</subfield>
   </datafield>
   <datafield ind2=" " ind1=" " tag="720">
      <subfield code="a">Járrega Domínguez, Ramón</subfield>
      <subfield code="e">author</subfield>
   </datafield>
   <datafield ind2=" " ind1=" " tag="720">
      <subfield code="a">Vilà Llorach, Jordi</subfield>
      <subfield code="e">author</subfield>
   </datafield>
   <datafield ind2=" " ind1=" " tag="260">
      <subfield code="c">2015</subfield>
   </datafield>
   <datafield ind2=" " ind1=" " tag="520">
      <subfield code="a">El estudio de la evolución del urbanismo antiguo de la ciudad de Tortosa es uno de los principales proyectos del Grup de Recerca Seminari de Protohistoria i Arqueologia de la Universitat Rovira i Virgili, siendo la reconstrucción urbana de la ciudad ibérica y romana el más destacado objetivo del proyecto. A partir de la interpretación de los trabajos arqueológicos llevados a cabo en el municipio, sobre todo de las intervenciones efectuadas por nuestro equipo en el casco urbano de Tortosa durante los últimos diez años, presentamos un primer acercamiento a la realidad de la ocupación romana de la antigua Dertosa, concretamente una propuesta de reconstrucción urbanística de un sector de la ciudad centrado en el barranco del Rastre, una zona extramuros que formaba parte de un suburbio meridional de la ciudad, probablemente ligado al funcionamiento del puerto fluvial. Con estas intervenciones hemos podido comprobar como los espacios edificados se adaptan al terreno
mediante la construcción de plataformas escalonadas, salvando así las dificultades morfológicas impuestas por una orografía compleja.</subfield>
   </datafield>
   <datafield ind2=" " ind1=" " tag="520">
      <subfield code="a">The study of the evolution of urban planning of the ancient city of Tortosa is one of the main projects of the Grup de Recerca Seminari de Protohistoria i Arqueologia of the Rovira i Virgili University. The reconstruction of the urban topography of the Iberian and Roman city is the foremost goal of the project. Starting from the interpretation of the archaeological work carried out in the city, especially the interventions led by our team in Tortosa during the last ten years, we offer a first approach to the reality of the Roman occupation of ancient Dertosa. It is a a proposal of urban reconstruction of a section of the city focused on the Rastre ravine, an extramural area that was part of a southern suburb of the city, probably linked to the operations that took place at the river port. We have seen as the built spaces were adapted to the ground by building staggered platforms, and thus overcoming the morphological constraints imposed by a complex topography.</subfield>
   </datafield>
   <datafield ind1="8" ind2=" " tag="024">
      <subfield code="a">Diloli, J.; Ferré, R.; Járrega, R.; Vilà, J. (2015) «La ciudad de Dertosa durante el Alto Imperio. La ocupación del área suburbial del barranco del Rastre» Zephyrus, núm. LXXVI, p. 121-139</subfield>
   </datafield>
   <datafield ind1="8" ind2=" " tag="024">
      <subfield code="a">http://hdl.handle.net/2072/258069</subfield>
   </datafield>
   <datafield ind1="8" ind2=" " tag="024">
      <subfield code="a">https://doi.org/10.14201/zephyrus201576121139</subfield>
   </datafield>
   <datafield ind2="0" ind1="0" tag="245">
      <subfield code="a">La ciudad de Dertosa durante el Alto Imperio. La ocupación del área suburbial del barranco del Rastre</subfield>
   </datafield>
</record></metadata></record></GetRecord></OAI-PMH>